[Event "Tosno Gubernator Cup Lenregion op"]
[Site "Tosno"]
[Date "2009.09.28"]
[Round "9"]
[White "Pischikov, Vadim"]
[Black "Shalaev, Nikolay"]
[Result "1-0"]
[WhiteElo "1959"]
[BlackElo "2075"]
[PlyCount "111"]
[EventDate "2009.09.24"]
[EventType "swiss"]
[EventRounds "9"]
[EventCountry "RUS"]
[SourceTitle "EXT 2022"]
[Source "ChessBase"]
[SourceDate "2021.10.06"]
[SourceVersion "1"]
[SourceVersionDate "2021.10.06"]
[SourceQuality "1"]

1. d4 Nf6 2. Bg5 d5 3. Nf3 e6 4. e3 c6 5. c3 Nbd7 6. Nbd2 h6 7. Bh4 Bd6 8. Bd3 Qb6 9. Qc2 Qc7 10. e4 e5 11. dxe5 Nxe5 12. Bxf6 Nxd3+ 13. Qxd3 gxf6 14. exd5 cxd5 15. Qxd5 Be6 16. Qb5+ Bd7 17. Qe2+ Kf8 18. 0-0-0 Bf5 19. Nd4 Re8 20. Qc4 Qxc4 21. Nxc4 Bf4+ 22. Ne3 Be4 23. Rhg1 Bxh2 24. Rge1 Be5 25. g3 Rg8 26. Nef5 Bxd4 27. Nxd4 Rg5 28. Re3 Rge5 29. a3 Bd5 30. Rxe5 Rxe5 31. f4 Rh5 32. g4 Rh1 33. Rxh1 Bxh1 34. Nf5 Be4 35. Nxh6 Bf3 36. Kd2 Ke8 37. Ke3 Bd1 38. Ke4 Kf8 39. Kd5 Ke7 40. Ng8+ Kf8 41. Nxf6 Kg7 42. g5 Kg6 43. Ke5 a5 44. Ne4 Bc2 45. Nd6 a4 46. Nxb7 Kg7 47. Nd6 Kf8 48. Kf6 Bb3 49. c4 Ba2 50. f5 Bb3 51. g6 fxg6 52. fxg6 Ba2 53. c5 Bd5 54. g7+ Kg8 55. Nf5 Kh7 56. Ne7 1-0

[Event "Tosno Gubernator Cup Lenregion op"]
[Site "Tosno"]
[Date "2009.09.27"]
[Round "7"]
[White "Bezobrazov, Lev"]
[Black "Shalaev, Nikolay"]
[Result "0-1"]
[WhiteElo "1629"]
[BlackElo "2075"]
[PlyCount "52"]
[EventDate "2009.09.24"]
[EventType "swiss"]
[EventRounds "9"]
[EventCountry "RUS"]
[SourceTitle "EXT 2022"]
[Source "ChessBase"]
[SourceDate "2021.10.06"]
[SourceVersion "1"]
[SourceVersionDate "2021.10.06"]
[SourceQuality "1"]

1. e4 d6 2. d4 g6 3. c4 Bg7 4. Nc3 Nf6 5. f4 0-0 6. Nf3 Nbd7 7. Bd3 c5 8. d5 Nh5 9. Ne2 Qb6 10. 0-0 e6 11. Kh1 Bh6 12. Rb1 Qd8 13. g4 Ndf6 14. g5 exd5 15. gxf6 dxe4 16. Bxe4 Nxf6 17. Bc2 Bh3 18. Rg1 Ng4 19. Qe1 Re8 20. Ng5 Bxg5 21. fxg5 Qa5 22. b4 Qxa2 23. Bd3 cxb4 24. Rb2 Qa4 25. Rg3 Qc6+ 26. Kg1 Qc5+ 0-1

[Event "Tosno Gubernator Cup Lenregion op"]
[Site "Tosno"]
[Date "2009.09.25"]
[Round "3"]
[White "Murashova, Ekaterina"]
[Black "Shalaev, Nikolay"]
[Result "1-0"]
[WhiteElo "2253"]
[BlackElo "2034"]
[PlyCount "117"]
[EventDate "2009.09.24"]
[EventType "swiss"]
[EventRounds "9"]
[EventCountry "RUS"]
[SourceTitle "EXT 2022"]
[Source "ChessBase"]
[SourceDate "2021.10.06"]
[SourceVersion "1"]
[SourceVersionDate "2021.10.06"]
[SourceQuality "1"]

1. e4 d6 2. d4 g6 3. Nc3 Bg7 4. Be3 Nf6 5. f3 Nbd7 6. Qd2 e5 7. Nge2 Nb6 8. b3 0-0 9. g4 Re8 10. 0-0-0 Qe7 11. d5 a5 12. a4 Nbd7 13. Ng3 Nc5 14. h4 Nfd7 15. h5 Nf8 16. Bb5 Rd8 17. Rdg1 Bd7 18. Bxd7 Qxd7 19. Nf5 c6 20. Nxg7 Kxg7 21. Bh6+ Kg8 22. Qg5 f6 23. Qxf6 Qf7 24. Qxf7+ Kxf7 25. Be3 Rac8 26. Kb2 cxd5 27. hxg6+ hxg6 28. Nxd5 Re8 29. Rh8 Nce6 30. c3 Nc5 31. Rgh1 Kg7 32. Bg5 Ncd7 33. Be7 Kf7 34. Bxd6 Nf6 35. Nc7 Red8 36. Nb5 Ke6 37. Rxf8 Rxf8 38. Bxf8 Rxf8 39. Rh6 Kf7 40. Nd6+ Kg7 41. Rh3 b6 42. Nc4 Nd7 43. b4 axb4 44. cxb4 Kf6 45. Rh7 Rd8 46. Ne3 Kg5 47. Nd5 Nf6 48. Re7 Nxd5 49. Rxe5+ Kf4 50. Rxd5 Ra8 51. Rd3 Rxa4 52. Kb3 Ra1 53. Kc4 g5 54. Kb5 Rb1 55. Kc4 Rc1+ 56. Rc3 Rb1 57. Rb3 Re1 58. Kb5 Rh1 59. Kxb6 1-0

[Event "Novaya Ladoga"]
[Site "Novaya Ladoga"]
[Date "2008.07.09"]
[Round "9"]
[White "Sedov, Aleksandr"]
[Black "Shalaev, Nikolay"]
[Result "1-0"]
[WhiteElo "2246"]
[BlackElo "2089"]
[PlyCount "73"]
[EventDate "2008.07.01"]
[EventType "tourn"]
[EventRounds "9"]
[EventCountry "RUS"]
[EventCategory "3"]
[SourceTitle "CBM 125 Extra"]
[Source "ChessBase"]
[SourceDate "2008.09.01"]
[SourceVersion "1"]
[SourceVersionDate "2008.09.01"]
[SourceQuality "1"]

1. Nf3 d5 2. c4 c6 3. b3 Nf6 4. Bb2 dxc4 5. bxc4 Bf5 6. d3 e6 7. g3 Bc5 8. d4 Bxb1 9. Qxb1 Bb4+ 10. Nd2 Bxd2+ 11. Kxd2 e5 12. e3 exd4 13. exd4 0-0 14. Qf5 g6 15. Qf3 Nbd7 16. Bd3 Qa5+ 17. Bc3 Qa3 18. Rhb1 Qd6 19. Rxb7 Rfb8 20. Rab1 Rxb7 21. Rxb7 a5 22. h3 Re8 23. g4 h6 24. Ra7 c5 25. d5 Ne5 26. Qf4 g5 27. Qf5 Nxd3 28. Kxd3 Kg7 29. Rxa5 Qb6 30. Rb5 Qd8 31. h4 Re6 32. hxg5 hxg5 33. Qxg5+ Kf8 34. Be5 Rxe5 35. Qxe5 Nd7 36. Qh8+ Ke7 37. d6+ 1-0

[Event "Novaya Ladoga"]
[Site "Novaya Ladoga"]
[Date "2007.07.09"]
[Round "5"]
[White "Hermanov, Alexander"]
[Black "Shalaev, Nikolay"]
[Result "1-0"]
[WhiteElo "2331"]
[BlackElo "2124"]
[PlyCount "65"]
[EventDate "2007.07.05"]
[EventType "tourn"]
[EventRounds "9"]
[EventCountry "RUS"]
[EventCategory "2"]
[SourceTitle "CBM 119 Extra"]
[Source "ChessBase"]
[SourceDate "2007.09.04"]
[SourceVersion "1"]
[SourceVersionDate "2007.09.04"]
[SourceQuality "1"]

1. d4 Nf6 2. c4 d6 3. Nc3 c6 4. e4 e5 5. Nf3 Qa5 6. Bd3 Bg4 7. d5 Nbd7 8. 0-0 Nc5 9. Bc2 Qb4 10. Qe2 Bxf3 11. gxf3 Qb6 12. Rb1 a5 13. f4 h5 14. Kh1 Qc7 15. f5 0-0-0 16. a3 g6 17. b4 Ncd7 18. fxg6 fxg6 19. dxc6 bxc6 20. c5 axb4 21. axb4 Nb8 22. Bg5 Be7 23. Bb3 Ng4 24. Be6+ Kb7 25. Nd5 Bxg5 26. Nxc7 Kxc7 27. Ra1 Rde8 28. Ra7+ Kd8 29. Qa2 Re7 30. cxd6 Rhh7 31. Qa5+ Ke8 32. Qb6 Nd7 33. Ra8+ 1-0

[Event "Novaya Ladoga"]
[Site "Novaya Ladoga"]
[Date "2001.??.??"]
[Round "?"]
[White "Grigoriev, Vitaly"]
[Black "Shalaev, Nikolay"]
[Result "1-0"]
[WhiteElo "2358"]
[BlackElo "2096"]
[PlyCount "101"]
[EventDate "2001.??.??"]
[EventType "tourn"]
[EventRounds "11"]
[EventCountry "RUS"]
[SourceTitle "EXT 2002"]
[Source "ChessBase"]
[SourceDate "2001.11.25"]
[SourceVersion "1"]
[SourceVersionDate "2001.11.25"]
[SourceQuality "1"]

1. e4 e6 2. Nf3 d5 3. Nc3 dxe4 4. Nxe4 Nd7 5. d4 Ngf6 6. Nxf6+ Nxf6 7. Bd3 c5 8. dxc5 Bxc5 9. 0-0 0-0 10. Bg5 Bd6 11. Re1 h6 12. Bh4 Bf4 13. Qe2 g5 14. Bg3 Bxg3 15. hxg3 Qb6 16. Qd2 Ng4 17. b3 Bd7 18. Re2 Qd8 19. Qb4 f5 20. Rd1 Qc7 21. Bc4 Rae8 22. Qd6 Qxd6 23. Rxd6 Bc8 24. Nd4 Rd8 25. Nxf5 Rxd6 26. Nxd6 Rd8 27. Bxe6+ Bxe6 28. Rxe6 Rd7 29. f3 Ne3 30. Rxe3 Rxd6 31. Re7 Rb6 32. Kf2 a5 33. Rc7 Kf8 34. a4 Ke8 35. Ke3 Re6+ 36. Kd3 b6 37. Rh7 Kf8 38. g4 Kg8 39. Rb7 Rd6+ 40. Ke4 Rc6 41. c4 Kf8 42. Kd5 Rf6 43. Ke5 Rc6 44. Rd7 Rc8 45. Rd6 Re8+ 46. Re6 Rb8 47. Rxh6 Kg7 48. Rd6 Re8+ 49. Kf5 Re2 50. Rxb6 Rxg2 51. Kxg5 1-0

[Event "Novaya Ladoga"]
[Site "Novaya Ladoga"]
[Date "2001.??.??"]
[Round "?"]
[White "Shalaev, Nikolay"]
[Black "Geller, Jakov"]
[Result "0-1"]
[WhiteElo "2096"]
[BlackElo "2285"]
[PlyCount "74"]
[EventDate "2001.??.??"]
[EventType "tourn"]
[EventRounds "11"]
[EventCountry "RUS"]
[SourceTitle "EXT 2002"]
[Source "ChessBase"]
[SourceDate "2001.11.25"]
[SourceVersion "1"]
[SourceVersionDate "2001.11.25"]
[SourceQuality "1"]

1. d4 d5 2. Nf3 c6 3. c4 e6 4. Nc3 dxc4 5. e3 b5 6. a4 Bb4 7. Bd2 Bb7 8. b3 a5 9. bxc4 bxc4 10. Bxc4 Nf6 11. 0-0 0-0 12. Rb1 Qc7 13. Qe2 Nbd7 14. e4 e5 15. Rfc1 exd4 16. Nxd4 Rfe8 17. f3 Ne5 18. Kh1 Nxc4 19. Qxc4 Qe5 20. Nf5 Red8 21. f4 Qe6 22. Qe2 Ba6 23. Qe1 Rxd2 24. Qxd2 Nxe4 25. Qd4 Bxc3 26. Rxc3 Qxf5 27. Rcb3 h5 28. g3 c5 29. Rb8+ Rxb8 30. Rxb8+ Kh7 31. Qd8 Nf6 32. Qxa5 Qe4+ 33. Kg1 Qe3+ 34. Kg2 Qe2+ 35. Kh3 Ne4 36. Re8 Nf2+ 37. Kg2 Bb7+ 0-1

[Event "Severstal 45 Jubilee"]
[Site "Cherepovets"]
[Date "2000.??.??"]
[Round "8"]
[White "Shalaev, Nikolay"]
[Black "Bratchenko, Alexander"]
[Result "0-1"]
[WhiteElo "2222"]
[BlackElo "2400"]
[PlyCount "76"]
[EventDate "2000.??.??"]
[EventType "tourn"]
[EventRounds "13"]
[EventCountry "RUS"]
[SourceTitle "EXT 2001"]
[Source "ChessBase"]
[SourceDate "2000.11.22"]
[SourceVersion "1"]
[SourceVersionDate "2000.11.22"]
[SourceQuality "1"]

1. d4 Nf6 2. c4 g6 3. Nf3 Bg7 4. Nc3 d6 5. h3 0-0 6. e4 e5 7. Bg5 exd4 8. Nxd4 h6 9. Be3 Re8 10. Bd3 Nbd7 11. 0-0 Nc5 12. f3 a5 13. Qd2 Kh7 14. Bc2 c6 15. Rad1 Qe7 16. Nxc6 bxc6 17. Qxd6 Ne6 18. e5 Nh5 19. Qxc6 Bb7 20. Qb5 Ba6 21. Qa4 Nhf4 22. Ne4 Red8 23. Rxd8 Rxd8 24. Bb6 Bxe5 25. Bxd8 Qxd8 26. b3 f5 27. Rd1 Bd4+ 28. Nf2 Qg5 29. g4 Ng7 30. Kf1 Bxf2 31. Kxf2 Nxh3+ 32. Ke2 Nf4+ 33. Kf2 fxg4 34. Qc6 g3+ 35. Kg1 Bb7 36. Qb5 Qh4 37. Rd2 Bxf3 38. Qb6 Qh1# 0-1

[Event "Severstal 45 Jubilee"]
[Site "Cherepovets"]
[Date "2000.??.??"]
[Round "1"]
[White "Shalaev, Nikolay"]
[Black "Cheremin, Stepan"]
[Result "0-1"]
[WhiteElo "2222"]
[BlackElo "2324"]
[PlyCount "72"]
[EventDate "2000.??.??"]
[EventType "tourn"]
[EventRounds "13"]
[EventCountry "RUS"]
[SourceTitle "EXT 2001"]
[Source "ChessBase"]
[SourceDate "2000.11.22"]
[SourceVersion "1"]
[SourceVersionDate "2000.11.22"]
[SourceQuality "1"]

1. Nf3 d5 2. d4 c6 3. c4 Nf6 4. Nc3 e6 5. Bg5 Be7 6. e3 0-0 7. Rc1 Nbd7 8. Bd3 dxc4 9. Bxc4 c5 10. 0-0 cxd4 11. Nxd4 Nd5 12. Bxe7 Nxe7 13. Ne4 Nf6 14. Nxf6+ gxf6 15. Qf3 Ng6 16. Rfd1 Qe7 17. Bb3 a6 18. Rc3 Rb8 19. Rdc1 Bd7 20. Qg3 e5 21. Nf3 Kh8 22. Nh4 Rg8 23. Rc7 Rbc8 24. h3 Rxc7 25. Rxc7 Qd6 26. Rc1 Kg7 27. Rd1 Qc7 28. e4 Kf8 29. Qf3 Nf4 30. Kh2 Ke7 31. g3 Ng6 32. Qh5 Be6 33. Bxe6 Kxe6 34. Nf5 Rd8 35. Rxd8 Qxd8 36. Ng7+ Ke7 0-1

[Event "Severstal 45 Jubilee"]
[Site "Cherepovets"]
[Date "2000.??.??"]
[Round "4"]
[White "Shalaev, Nikolay"]
[Black "Ekdyshman, Mikhail"]
[Result "0-1"]
[WhiteElo "2222"]
[BlackElo "2317"]
[PlyCount "140"]
[EventDate "2000.??.??"]
[EventType "tourn"]
[EventRounds "13"]
[EventCountry "RUS"]
[SourceTitle "EXT 2001"]
[Source "ChessBase"]
[SourceDate "2000.11.22"]
[SourceVersion "1"]
[SourceVersionDate "2000.11.22"]
[SourceQuality "1"]

1. d4 Nf6 2. c4 c5 3. Nf3 cxd4 4. Nxd4 Nc6 5. Nc3 g6 6. g3 Bg7 7. Bg2 0-0 8. 0-0 Nxd4 9. Qxd4 d6 10. Bg5 h6 11. Bxf6 Bxf6 12. Qe3 Bg7 13. Rad1 Be6 14. Bxb7 Rb8 15. Bd5 Bh3 16. Rfe1 Rxb2 17. Rd2 Rxd2 18. Qxd2 Qa5 19. Ne4 Qxd2 20. Nxd2 Bc3 21. Rd1 Bg4 22. f3 Bf5 23. Ne4 Ba5 24. g4 Bc8 25. Bc6 Ba6 26. Bb5 Bxb5 27. cxb5 Rc8 28. Ng3 Rc2 29. a4 Ra2 30. Rc1 Rxa4 31. Rc8+ Kg7 32. Re8 e6 33. Kg2 d5 34. Re7 Bb6 35. Rd7 Rb4 36. e4 Rxb5 37. exd5 Rxd5 38. Rb7 Rc5 39. f4 Rc7 40. Rb8 Rc2+ 41. Kh1 Bc7 42. Rb7 Bxf4 43. Rxa7 Bxg3 44. hxg3 Rc4 45. g5 hxg5 46. Kg2 g4 47. Ra5 Rc2+ 48. Kg1 f5 49. Ra6 Kf6 50. Rb6 g5 51. Rb4 Rc6 52. Kf2 e5 53. Rb8 Rc2+ 54. Ke3 f4+ 55. Kd3 Rc7 56. Ke4 Rc4+ 57. Kd3 Rd4+ 58. Ke2 Kf5 59. Rg8 Ra4 60. Kf2 Ra2+ 61. Kg1 f3 62. Rf8+ Ke4 63. Rb8 Rg2+ 64. Kh1 Rxg3 65. Rb2 Rh3+ 66. Kg1 g3 67. Rb4+ Kf5 68. Rb1 g2 69. Kf2 Rh1 70. Rg1 Ke6 0-1